|
|
|
|
| LEADER |
00960nam a22002652a 4500 |
| 001 |
000376864 |
| 003 |
CZ BrMZK |
| 005 |
20130809082640.0 |
| 007 |
ta |
| 008 |
980107s1971 xr f cze d |
| 015 |
|
|
|a cnb000432844
|
| 035 |
|
|
|a (OCoLC)42170333
|
| 040 |
|
|
|a BOA001
|b cze
|
| 100 |
1 |
|
|a Gregorová, Vlasta,
|d 1920-
|7 jk01032646
|4 aut
|
| 245 |
1 |
0 |
|a Hosté a hostitelé /
|c Vlasta Gregorová
|
| 250 |
|
|
|a 1.vyd.
|
| 260 |
|
|
|a Praha :
|b Avicenum,
|c 1971
|
| 300 |
|
|
|a 175 s.
|
| 856 |
4 |
1 |
|u http://www.digitalniknihovna.cz/mzk/uuid/uuid:ff52ead0-3230-11e3-a5bb-005056827e52
|y Digitalizovaný dokument
|x NDK
|
| 910 |
|
|
|a BOA001
|b PK-0063.037
|b 2-0675.280
|
| 920 |
|
|
|a 000365305
|
| 964 |
|
|
|a Hosté - přijímání - návody
|
| 990 |
|
|
|a BK
|
| 996 |
6 |
|
|b 2619825735
|c 2-0675.280
|l Sklad H1
|r Sklad / do 24 hodin
|n 1
|h HS212
|w 000376864
|u 000020
|a 1
|e BOA001
|j MZK50
|s P
|
| 996 |
7 |
|
|b 3119813565
|c PK-0063.037
|l MZK
|r Sklad / do 1 hodiny
|n 0
|w 000376864
|u 000010
|a 1
|e BOA001
|j MZK50
|s A
|